[Event "ITA-ch U20"]
[Site "Tarvisio"]
[Date "2023.07.06"]
[Round "6"]
[White "Petcu, Gabriel"]
[Black "Cedriano, Mattia"]
[Result "1-0"]
[WhiteElo "1605"]
[BlackElo "1341"]
[PlyCount "63"]
[EventDate "2023.07.02"]
[EventType "swiss"]
[EventRounds "9"]
[EventCountry "ITA"]
[SourceTitle "EXT 2024"]
[Source "ChessBase"]
[SourceDate "2023.10.10"]
[SourceVersion "1"]
[SourceVersionDate "2023.10.10"]
[SourceQuality "1"]

1. e4 e6 2. d4 d5 3. e5 c5 4. c3 Nc6 5. Nf3 Qb6 6. a3 c4 7. Nbd2 Na5 8. Rb1 Bd7 9. Be2 Ne7 10. Qc2 Ng6 11. h4 Nf4 12. Bf1 h5 13. Nxc4 Nxg2+ 14. Bxg2 dxc4 15. Be3 Nb3 16. Ng5 Ba4 17. Qe2 Qc7 18. d5 Qxe5 19. dxe6 fxe6 20. Qxc4 Nc5 21. b4 Bc2 22. Qb5+ Nd7 23. Qxe5 Nxe5 24. Ra1 a5 25. Nxe6 Kd7 26. Nd4 Bg6 27. Bxb7 Ra7 28. Bd5 axb4 29. Be6+ Ke7 30. cxb4 Nd3+ 31. Kd2 Nxb4 32. axb4 1-0

[Event "ITA-ch U20"]
[Site "Tarvisio"]
[Date "2023.07.04"]
[Round "3"]
[White "Caputo, Piero"]
[Black "Cedriano, Mattia"]
[Result "1-0"]
[WhiteElo "1693"]
[BlackElo "1341"]
[PlyCount "41"]
[EventDate "2023.07.02"]
[EventType "swiss"]
[EventRounds "9"]
[EventCountry "ITA"]
[SourceTitle "EXT 2024"]
[Source "ChessBase"]
[SourceDate "2023.10.10"]
[SourceVersion "1"]
[SourceVersionDate "2023.10.10"]
[SourceQuality "1"]

1. e4 e6 2. d4 d5 3. exd5 exd5 4. Nf3 Bd6 5. c4 Ne7 6. c5 Bxc5 7. dxc5 c6 8. Nc3 Qa5 9. Be3 Nd7 10. a3 Nf5 11. b4 Nxe3 12. Qe2 Qd8 13. Qxe3+ Qe7 14. Qxe7+ Kxe7 15. Kd2 Nf6 16. Bd3 Bg4 17. Rhe1+ Kd8 18. Ne5 Be6 19. f4 g6 20. h3 h5 21. Nxg6 1-0

[Event "Veneto Province-ch qf 82nd"]
[Site "Ceregnano"]
[Date "2023.05.28"]
[Round "4.10"]
[White "Morganti, Lionello"]
[Black "Cedriano, Mattia"]
[Result "1-0"]
[WhiteElo "1472"]
[BlackElo "1346"]
[PlyCount "89"]
[EventDate "2023.05.26"]
[EventType "swiss"]
[EventRounds "5"]
[EventCountry "ITA"]
[SourceTitle "EXT 2024"]
[Source "ChessBase"]
[SourceDate "2023.10.10"]
[SourceVersion "1"]
[SourceVersionDate "2023.10.10"]
[SourceQuality "1"]

1. e4 e6 2. d4 d5 3. exd5 exd5 4. Bd3 Bd6 5. Nf3 Ne7 6. 0-0 0-0 7. Bg5 c6 8. c3 Qc7 9. Qc2 h6 10. Bh4 Bg4 11. Nbd2 Nd7 12. Rfe1 Rfe8 13. Bg3 Bf4 14. Bxf4 Qxf4 15. Ne5 Be6 16. Re2 Rad8 17. Rae1 Bf5 18. Nxc6 Bxd3 19. Nxe7+ Rxe7 20. Qxd3 Rxe2 21. Qxe2 Nf6 22. g3 Qd6 23. Qb5 Qc6 24. Qxc6 bxc6 25. Nb3 Rb8 26. Re7 a5 27. Ra7 Kf8 28. Rxa5 Nd7 29. Ra6 Rb6 30. Nc5 Rxa6 31. Nxa6 Nb6 32. Nb4 Na4 33. Nxc6 Nxb2 34. Nb4 Ke7 35. Nxd5+ Kd6 36. Ne3 Na4 37. c4 Nc3 38. Kf1 Nxa2 39. Nf5+ Kc6 40. Nxg7 Nb4 41. Nf5 Nc2 42. Nxh6 Nxd4 43. Nxf7 Kc5 44. Ne5 Kd6 45. f4 1-0

[Event "Venice Province-ch 82nd"]
[Site "Mestre"]
[Date "2023.01.29"]
[Round "4.13"]
[White "Cedriano, Mattia"]
[Black "Patron, Cristobal"]
[Result "1/2-1/2"]
[WhiteElo "999"]
[BlackElo "999"]
[PlyCount "126"]
[EventDate "2023.01.27"]
[EventType "swiss"]
[EventRounds "5"]
[EventCountry "ITA"]
[SourceTitle "EXT 2024"]
[Source "ChessBase"]
[SourceDate "2023.10.10"]
[SourceVersion "1"]
[SourceVersionDate "2023.10.10"]
[SourceQuality "1"]

1. e4 e5 2. Nf3 Nc6 3. Bb5 d6 4. Nc3 Bd7 5. 0-0 Nf6 6. Re1 Be7 7. d4 0-0 8. Bxc6 Bxc6 9. dxe5 dxe5 10. Qxd8 Raxd8 11. Nxe5 Bb4 12. Nxc6 bxc6 13. Bg5 Bxc3 14. bxc3 Rd6 15. e5 Re6 16. exf6 gxf6 17. Rxe6 fxe6 18. Bf4 e5 19. Be3 a6 20. Rd1 Rb8 21. a3 Rb2 22. Rc1 Ra2 23. Bc5 Kf7 24. Kf1 Ke6 25. Ke2 Kd5 26. Bb4 Kc4 27. Ke3 c5 28. Ba5 Rxa3 29. Bxc7 Rxc3+ 30. Kd2 e4 31. Ra1 Kd4 32. Ra4+ Rc4 33. Rxc4+ Kxc4 34. g4 Kd4 35. c3+ Kc4 36. Ke3 Kxc3 37. Kxe4 Kb3 38. Ba5 c4 39. Kf5 c3 40. Bxc3 Kxc3 41. Kxf6 a5 42. Ke7 a4 43. f4 a3 44. f5 a2 45. f6 a1Q 46. f7 Qe1+ 47. Kf8 Kd4 48. Kg8 Qh4 49. f8Q Qxg4+ 50. Qg7+ Qxg7+ 51. Kxg7 h5 52. h4 Ke5 53. Kg6 Ke6 54. Kxh5 Kf6 55. Kg4 Kg6 56. h5+ Kh6 57. Kh4 Kh7 58. Kg5 Kg7 59. h6+ Kh7 60. Kh5 Kh8 61. Kg6 Kg8 62. h7+ Kh8 63. Kf7 Kxh7 1/2-1/2